Retrouvez le titre de la musique disney/pixar #2 - Statistiques

Statistiques générales
  • Ce quiz a été pris 1 686 fois
    1 572 depuis la dernière actualisation
  • Le résultat moyen est 4 sur 11
Statistiques - réponses
Hint Paroles Réponses % Correct
1 Il faut se satisfaire du nécessaire, un peu d'eau fraiche et de verdure... Il en faut peu pour être heureux (Le livre de la jungle)
94%
3 Fais attention, le secret survivra... Libérée, délivrée (La reine des neiges)
79%
7 Si l'homme marche, si l'homme court, s'il peut sur terre rêver au grand jour. Partir là bas (La petite sirène)
50%
6 Ici on sert à toute heure, cuisine au beurre, c'est la meilleure. C'est la fête (La belle et la bête)
47%
4 Et j'aime chacun des pas que je fais, le soleil est mon guide et moi je m'en vais. Je m'en vais (Frère des ours)
44%
10 Quand il a fait froid qui est allé chercher du feu ? C'est l'un de nous deux ! Pour les hommes (Vaiana)
40%
11 Je suis comme une boussole qui a perdu le nord. J'ai perdu le nord (La reine des neiges 2)
23%
8 Monte décrocher la lune, rêve à ta bonne fortune. Tu t'envoles (Peter pan)
21%
2 Pas bien malin, d'être riche enfin, si l'on pioche pic pac Heigh Ho (Blanche neige et les 7 nains)
15%
5 Et dans la forêt profonde au coeur de ma belle vallée, l'eau claire fuyante furibonde. Vers le ciel (Rebelle)
15%
9 C'est eux ! C'est eux ! Ils encerclent l'ennemi jusqu'au lit. La marche des éléphants (Dumbo)
2%
Aucun quiz correspondant
Distribution des résultats
% des personnes avec chaque résultat
Percentile par nombre de réponses
Votre historique - résultats
Vous n’avez pas pris ce quiz depuis la dernière actualisation